| 000 | 01689nam a22003137a 4500 | ||
|---|---|---|---|
| 001 | 8217 | ||
| 003 | FISKH | ||
| 005 | 20250903100955.0 | ||
| 008 | 250903b cb ||||| |||| 00| 0 eng d | ||
| 020 | _a9789996353536 | ||
| 020 | _a9789996353536 | ||
| 040 |
_aFISKH _beng _cFISKH _dFISKH |
||
| 050 | _aPZ7 | ||
| 082 | _a495.911 | ||
| 100 | _aLy, Chea | ||
| 245 |
_aភាសារខ្មែរ ថ្នាក់មូលដ្ខាន សម្រាប់កុមារ/ _cអ្នកនិពន្ធ ជាលី និង វិចិត្រករ ម៉ម តុលា |
||
| 260 |
_aPhnom Penh : _bYou Can, _c2010. |
||
| 300 |
_a82 pages : _bcolor illustrations ; _c26 cm |
||
| 505 | _aF | ||
| 520 | _aសៀវភៅភាសាខ្មែរថ្នាក់មូលដ្ខានសម្រាប់កុមារជាជំនួយដលើប្អូនៗកុមារនិងអ្នកសិក្សាគ្រប់រូប។ សៀវភៅនេះមានភាពទាក់ទាញគួរឲ្យចង់រៀនចង់មើល ចង់អានព្រោះវាមានលក្ខណះពិសេស។ | ||
| 520 | _aThis Khmer-language book for kindergarten is designed to help young children and all students. The book is engaging and appealing, encouraging reading and learning because it has special features | ||
| 521 | 8 |
_a300
_bLexile estimate |
|
| 521 | 8 |
_aF
_bRaz-Plus |
|
| 650 |
_aសៀវភៅស្វ័យសិក្សារ _vភាសាខ្មែរ |
||
| 650 |
_aSelf Study _v Khmer |
||
| 700 |
_aTola, Mam _eillustrator |
||
| 942 |
_2ddc _cKHB _n0 |
||
| 999 |
_c8217 _d8217 |
||